00414nam a22001457a 4500003000400000005001700004008004100021020001800062050002500080100002200105245003900127260004600166300003400212440002200246OSt20140507093101.0140505b xxu||||| |||| 00| 0 eng d a9789810184261 aQ 163b.G994s6a 2008 aGwan, Wai Lan Teo aScience 6A em 1/2 /cKwa Siew Hwa. aSingapore :bFederal Publications,c2008. a104 p. :bcol. ill. ;c27 cm. aMy Pals are Here!